Electrical Engineering Material (Record no. 4766)

MARC details
000 -LEADER
fixed length control field 00403nam a22001697a 4500
005 - DATE AND TIME OF LATEST TRANSACTION
control field 20160629165524.0
008 - FIXED-LENGTH DATA ELEMENTS--GENERAL INFORMATION
fixed length control field 160629b xxu||||| |||| 00| 0 eng d
020 ## - INTERNATIONAL STANDARD BOOK NUMBER
ISBN 81-88458-48-1
041 ## - LANGUAGE CODE
Language code of text/sound track or separate title eng
082 ## - DEWEY DECIMAL CLASSIFICATION NUMBER
Item number 12898
100 ## - MAIN ENTRY--AUTHOR NAME
Personal name Dogra, Dr.rakesh
245 ## - TITLE STATEMENT
Title Electrical Engineering Material
260 ## - PUBLICATION, DISTRIBUTION, ETC. (IMPRINT)
Name of publisher Katson
Year of publication 2012
300 ## - PHYSICAL DESCRIPTION
Number of Pages 334
650 ## - SUBJECT ADDED ENTRY--TOPICAL TERM
Topical Term Diploma Engineering
942 ## - ADDED ENTRY ELEMENTS (KOHA)
Koha item type Books
Holdings
Lost status Damaged status Home library Current library Shelving location Date acquired Cost, normal purchase price Full call number Accession Number Koha item type
    JRU Library   SHELF-36-L 29/06/2016 185.00 12898 12898 Books
    JRU Library   SHELF-36-L 29/06/2016 185.00 12898 12899 Books
    JRU Library   SHELF-36-L 29/06/2016 185.00 12898 12900 Books
    JRU Library   SHELF-36-L 29/06/2016 185.00 12898 12901 Books
    JRU Library   SHELF-36-L 29/06/2016 185.00 12898 12902 Books
    JRU Library   SHELF-36-L 29/06/2016 185.00 12898 12903 Books
    JRU Library   SHELF-36-L 29/06/2016 185.00 12898 12904 Books
    JRU Library   SHELF-36-L 29/06/2016 185.00 12898 12905 Books
    JRU Library   SHELF-36-L 29/06/2016 185.00 12898 12906 Books
    JRU Library   SHELF-36-L 29/06/2016 185.00 12898 12907 Books